| 000 | 00555nmm a2200169Ia 4500 | ||
|---|---|---|---|
| 008 | 251105s9999||||xx |||||||||||||||||und|| | ||
| 020 | _a9788428830096 | ||
| 041 | _aspa | ||
| 100 | _aSánchez Ramos, Lorenzo | ||
| 245 | 0 |
_aMeditaciones para el aula : _b 38 meditaciones guiadas para uso educativo y 48 propuestas para el desarrollo personal |
|
| 264 |
_a[Madrid, España] : _bGrupo SM, _c2016 |
||
| 300 | _a183 páginas | ||
| 490 | _aEducar Práctico | ||
| 650 | _aEducation | ||
| 856 | _uhttps://public.digitaliapublishing.com/a/85981 | ||
| 942 | _cCF | ||
| 999 |
_c80911 _d80911 |
||